Co to za owad? #2 - Statystyki

Ogólne statystyki
  • Ten quiz został rozwiązany 49 razy
  • Średni wynik to 4 z 24
Statystyki odpowiedzi
Obrazkowy Hint Odpowiedź % Poprawnych
x krówka Oleica
89%
x duży Nartnik
67%
x australijski Straszyk
44%
x rdzaworożna Klecanka
22%
x pobrzęcz Łanocha
22%
x piaskowy Trzyszcz
22%
zwana 'biedronką mączniakówką" Kroszela
11%
jest pasożytem jerzyków Kurcinka
11%
x różowica Łada
11%
x zyska Lotnica
11%
x kompan Łowczak
11%
x szklarniowy Mączlik
11%
x prosowianka Omacnica
11%
x miejski Pierzak
11%
x lekarski zwany 'kantarydą' Pryszczel
11%
x tasiemka Rolnica
11%
x bukowiec Ryjosz
11%
x sosnowiec Smolik
11%
x ogołotniak Zimowek
11%
x koński Narzępik
0%
x mszycowy Osiec
0%
x sadzonkowa Osnuja
0%
x trzmielowiec Rabież
0%
x wielka Rączyca
0%
Nie znaleziono quizów pasujących do podanych kryteriów
Rozkład punktacji
Procent ludzi z każdym wynikiem
Percentyl według liczby udzielonych odpowiedzi
Twoja historia wyników
Nie rozwiązałeś tego quizu